[Event "COL-ch sf"]
[Site "Medellin"]
[Date "2018.03.16"]
[Round "4"]
[White "Henao Ortiz, Carolina"]
[Black "Torres Cueto, Jesus Marcial"]
[Result "0-1"]
[WhiteElo "1835"]
[BlackElo "2076"]
[PlyCount "76"]
[EventDate "2018.03.14"]
[EventType "swiss"]
[EventRounds "10"]
[EventCountry "COL"]
[SourceTitle "CBM 183 Extra"]
[Source "ChessBase"]
[SourceDate "2018.04.19"]
[SourceVersion "1"]
[SourceVersionDate "2018.04.19"]
[SourceQuality "1"]

1. d4 Nf6 2. c4 e6 3. Nc3 Bb4 4. Qc2 c5 5. e3 Nc6 6. Nf3 0-0 7. Bd3 h6 8. a3 Qa5 9. Bd2 cxd4 10. exd4 d5 11. c5 Bxc3 12. Bxc3 Qc7 13. b4 a6 14. 0-0 b6 15. Rfe1 Nd7 16. Rad1 bxc5 17. dxc5 e5 18. Bf5 d4 19. Bb2 Nf6 20. Bxc8 Rfxc8 21. Nd2 Re8 22. Nc4 Re6 23. Qf5 Rd8 24. Nd6 Rdxd6 25. cxd6 Qxd6 26. Qd3 Nd5 27. Qxa6 Nf4 28. Qa8+ Kh7 29. b5 Qd5 30. f3 Rg6 31. Qxc6 Rxc6 32. bxc6 Qxc6 33. Bc1 Ng6 34. f4 Nh4 35. Re2 d3 36. Red2 e4 37. Ra2 Qc5+ 38. Kf1 e3 0-1

[Event "Medellin Conconcreto op"]
[Site "Medellin"]
[Date "2018.01.25"]
[Round "2"]
[White "Robledo, Andres Mauricio"]
[Black "Henao Ortiz, Carolina"]
[Result "1-0"]
[WhiteElo "1998"]
[BlackElo "1822"]
[PlyCount "53"]
[EventDate "2018.01.24"]
[EventType "swiss"]
[EventRounds "7"]
[EventCountry "COL"]
[SourceTitle "CBM 182 Extra"]
[Source "ChessBase"]
[SourceDate "2018.02.23"]
[SourceVersion "1"]
[SourceVersionDate "2018.02.23"]
[SourceQuality "1"]

1. d4 Nf6 2. c4 c5 3. d5 g6 4. Nc3 Bg7 5. g3 d6 6. Bg2 0-0 7. Nf3 e6 8. 0-0 exd5 9. cxd5 Re8 10. Bf4 a6 11. a4 Nh5 12. Bg5 Qc7 13. Qd2 Nd7 14. e4 Ne5 15. Nxe5 Bxe5 16. f4 Bd4+ 17. Kh1 f5 18. Ne2 Bh8 19. e5 dxe5 20. d6 Qd7 21. Bd5+ Kg7 22. fxe5 Re6 23. Bh6+ Kg8 24. g4 Bxe5 25. gxh5 Qxd6 26. Bxe6+ Qxe6 27. Qd8+ 1-0

[Event "Medellin Luces Cup"]
[Site "Medellin"]
[Date "2017.12.20"]
[Round "5"]
[White "Leon Acevedo, Juan Alejandro"]
[Black "Henao Ortiz, Carolina"]
[Result "1-0"]
[WhiteElo "1543"]
[BlackElo "1868"]
[PlyCount "93"]
[EventDate "2017.12.18"]
[EventType "swiss"]
[EventRounds "7"]
[EventCountry "COL"]
[SourceTitle "CBM 182 Extra"]
[Source "ChessBase"]
[SourceDate "2018.02.23"]
[SourceVersion "1"]
[SourceVersionDate "2018.02.23"]
[SourceQuality "1"]

1. d4 c5 2. c4 Nf6 3. d5 d6 4. Nc3 g6 5. e4 Bg7 6. Nf3 0-0 7. Be2 e6 8. 0-0 exd5 9. cxd5 a6 10. a4 Re8 11. Qc2 Bg4 12. Re1 Nbd7 13. h3 Bxf3 14. Bxf3 c4 15. Bf4 Nc5 16. Red1 Rc8 17. Be3 Nb3 18. Ra3 Qd7 19. a5 b5 20. axb6 Qb7 21. Be2 Nc5 22. Bxc4 Nfxe4 23. Nxe4 Nxe4 24. Qd3 Nc5 25. Bxc5 Rxc5 26. b4 Rxc4 27. Qxc4 Qxb6 28. Rxa6 Qd8 29. Qc6 Be5 30. Re1 Kg7 31. Kh1 Qe7 32. Raa1 Qf6 33. Qxe8 Bxa1 34. Qe2 Bc3 35. Rb1 Qd4 36. Qe3 Qf6 37. Kg1 Bd4 38. Qf3 Qh4 39. Re1 Bb6 40. Re4 Qg5 41. Qc3+ Kh6 42. g3 f6 43. Rh4+ Kg7 44. Rf4 h5 45. h4 Qe5 46. Qxe5 dxe5 47. Rc4 1-0

[Event "Medellin Aristizabal Cup"]
[Site "Medellin"]
[Date "2017.09.11"]
[Round "7"]
[White "Arango, Andres Mauricio"]
[Black "Henao Ortiz, Carolina"]
[Result "1-0"]
[WhiteElo "2101"]
[BlackElo "1846"]
[PlyCount "83"]
[EventDate "2017.09.06"]
[EventType "swiss"]
[EventRounds "7"]
[EventCountry "COL"]
[SourceTitle "CBM 180 Extra"]
[Source "ChessBase"]
[SourceDate "2017.10.06"]
[SourceVersion "1"]
[SourceVersionDate "2017.10.06"]
[SourceQuality "1"]

1. e4 c5 2. Nc3 Nc6 3. Nge2 g6 4. d3 d6 5. Be3 Bg7 6. Qd2 h6 7. d4 cxd4 8. Nxd4 Nf6 9. f3 Nxd4 10. Bxd4 0-0 11. Bc4 Bd7 12. Bxf6 Bxf6 13. Qxh6 e6 14. Qd2 b5 15. Bb3 b4 16. Nd1 Qb6 17. Rb1 a5 18. Bc4 Rac8 19. Bd3 Ba4 20. Nf2 Qc5 21. 0-0 Bd4 22. g3 Rfd8 23. Kg2 Bc6 24. Ng4 Qh5 25. Ba6 Bg7 26. Bxc8 Rxc8 27. Qxd6 Qg5 28. Qf4 Qe7 29. e5 Bb5 30. Rf2 Rc4 31. Nf6+ Kf8 32. Qg5 Qc7 33. Rc1 Rc5 34. f4 Bd3 35. Qh4 Bf5 36. Qh7 Bxf6 37. exf6 Be4+ 38. Kg1 Ke8 39. Qg8+ Kd7 40. Qxf7+ Kd8 41. Qf8+ Kd7 42. Qe7+ 1-0

[Event "Medellin Aristizabal Cup"]
[Site "Medellin"]
[Date "2017.09.07"]
[Round "2"]
[White "Henao Ortiz, Carolina"]
[Black "Ossa, Vladimir"]
[Result "0-1"]
[WhiteElo "1846"]
[BlackElo "2003"]
[PlyCount "60"]
[EventDate "2017.09.06"]
[EventType "swiss"]
[EventRounds "7"]
[EventCountry "COL"]
[SourceTitle "CBM 180 Extra"]
[Source "ChessBase"]
[SourceDate "2017.10.06"]
[SourceVersion "1"]
[SourceVersionDate "2017.10.06"]
[SourceQuality "1"]

1. d4 c6 2. c4 d6 3. Nc3 Qc7 4. Nf3 e5 5. e4 Nf6 6. Be2 Bg4 7. Be3 Be7 8. a3 Nbd7 9. Rc1 0-0 10. 0-0 Rfe8 11. b4 a5 12. Qc2 Bf8 13. Rfd1 axb4 14. axb4 Ra3 15. d5 Rea8 16. Ne1 Rxc3 17. Qxc3 Bxe2 18. Ra1 Rxa1 19. Rxa1 cxd5 20. Qd2 Bxc4 21. exd5 Nxd5 22. Rc1 N7f6 23. Bg5 b5 24. Bxf6 Nxf6 25. Nc2 Qb7 26. Ne3 d5 27. Nf5 Ne4 28. Qb2 d4 29. Ra1 Nc3 30. Ng3 Nd5 0-1

[Event "COL-ch sf (Women)"]
[Site "Palmira"]
[Date "2017.05.16"]
[Round "2"]
[White "Franco Valencia, Beatriz Irene"]
[Black "Henao Ortiz, Carolina"]
[Result "1-0"]
[WhiteElo "2184"]
[BlackElo "1845"]
[PlyCount "69"]
[EventDate "2017.05.15"]
[EventType "swiss"]
[EventRounds "7"]
[EventCountry "COL"]
[SourceTitle "CBM 178 Extra"]
[Source "ChessBase"]
[SourceDate "2017.06.22"]
[SourceVersion "1"]
[SourceVersionDate "2017.06.22"]
[SourceQuality "1"]

1. Nf3 d5 2. g3 Nf6 3. Bg2 g6 4. 0-0 Bg7 5. c4 0-0 6. d4 Nc6 7. cxd5 Nxd5 8. e4 Nb6 9. d5 Ne5 10. Nd4 Re8 11. Nc3 Bd7 12. a4 c6 13. a5 Nbc4 14. a6 Qb6 15. axb7 Rab8 16. dxc6 Nxc6 17. Nxc6 Bxc6 18. Qe2 Nd6 19. Ra6 Qxb7 20. Rxc6 Qxc6 21. e5 Qc4 22. exd6 Qxe2 23. Nxe2 exd6 24. Nc3 Rec8 25. Nd5 Rc2 26. b4 Ra2 27. Be3 a5 28. bxa5 Rxa5 29. Ne7+ Kf8 30. Nc6 Rbb5 31. Nxa5 Rxa5 32. Rd1 Ke7 33. h4 Be5 34. Bd5 Rb5 35. Kg2 1-0

[Event "COL-ch sf (Women)"]
[Site "Palmira"]
[Date "2017.05.16"]
[Round "3"]
[White "Henao Ortiz, Carolina"]
[Black "Medina Barrios, Lina Maria"]
[Result "1-0"]
[WhiteElo "1845"]
[BlackElo "1461"]
[PlyCount "55"]
[EventDate "2017.05.15"]
[EventType "swiss"]
[EventRounds "7"]
[EventCountry "COL"]
[SourceTitle "CBM 178 Extra"]
[Source "ChessBase"]
[SourceDate "2017.06.22"]
[SourceVersion "1"]
[SourceVersionDate "2017.06.22"]
[SourceQuality "1"]

1. d4 Nf6 2. c4 e6 3. Nf3 Bb4+ 4. Bd2 a5 5. e3 b6 6. Bd3 Bb7 7. 0-0 0-0 8. Bxb4 axb4 9. Nbd2 d5 10. Qb3 c5 11. Rfd1 Nbd7 12. cxd5 Bxd5 13. Bc4 Rc8 14. Bxd5 exd5 15. a3 bxa3 16. Rxa3 Qe7 17. Ra7 Qd6 18. Nb1 c4 19. Qa4 Qc6 20. Qxc6 Rxc6 21. Nc3 Re6 22. Nxd5 Nxd5 23. Rxd7 Nf6 24. Rc7 b5 25. Rb7 Rc8 26. Rxb5 Rd6 27. Rc1 Ne4 28. Rxc4 1-0

[Event "Antioquia op-B"]
[Site "Medellin"]
[Date "2017.04.30"]
[Round "6"]
[White "Benjumea, David"]
[Black "Henao Ortiz, Carolina"]
[Result "0-1"]
[WhiteElo "1860"]
[BlackElo "1657"]
[PlyCount "54"]
[EventDate "2017.04.27"]
[EventType "swiss"]
[EventRounds "7"]
[EventCountry "COL"]
[SourceTitle "EXT 2019"]
[Source "ChessBase"]
[SourceDate "2018.10.10"]
[SourceVersion "1"]
[SourceVersionDate "2018.10.10"]
[SourceQuality "1"]

1. e4 c5 2. Nf3 Nc6 3. d4 cxd4 4. Nxd4 g6 5. Nc3 Bg7 6. Be3 Nf6 7. Bc4 0-0 8. f3 Qb6 9. Qd2 Nxe4 10. fxe4 Bxd4 11. Bxd4 Qxd4 12. Qe2 d6 13. Bd3 Be6 14. 0-0-0 Ne5 15. Kb1 Bg4 16. Qd2 Bxd1 17. Qxd1 a6 18. g4 b5 19. h4 b4 20. Nd5 e6 21. Nf6+ Kg7 22. g5 h5 23. Qf1 a5 24. Be2 a4 25. Rh3 a3 26. c3 bxc3 27. Bxh5 c2+ 0-1

[Event "Medellin Easter op 7th"]
[Site "Medellin"]
[Date "2017.04.14"]
[Round "4"]
[White "Patino Betancur, Cesar A"]
[Black "Henao Ortiz, Carolina"]
[Result "1/2-1/2"]
[WhiteElo "1960"]
[BlackElo "1657"]
[PlyCount "34"]
[EventDate "2017.04.12"]
[EventType "swiss"]
[EventRounds "8"]
[EventCountry "COL"]
[SourceTitle "CBM 177 Extra"]
[Source "ChessBase"]
[SourceDate "2017.04.27"]
[SourceVersion "1"]
[SourceVersionDate "2017.04.27"]
[SourceQuality "1"]

1. d4 d5 2. Nf3 Nf6 3. c4 c6 4. cxd5 cxd5 5. Nc3 Nc6 6. Bf4 Bf5 7. Qb3 Qd7 8. e3 e6 9. Ne5 Qc8 10. Rc1 Nh5 11. Nxc6 Nxf4 12. Ne5 Ng6 13. Bb5+ Ke7 14. Nxd5+ exd5 15. Rxc8 Rxc8 16. 0-0 Nxe5 17. dxe5 Rc5 1/2-1/2

[Event "COL-ch U18 Girls"]
[Site "Cali"]
[Date "2017.04.07"]
[Round "6"]
[White "Cardoso Cardoso, Jaidy Marcela"]
[Black "Henao Ortiz, Carolina"]
[Result "0-1"]
[WhiteElo "1712"]
[BlackElo "1657"]
[PlyCount "76"]
[EventDate "2017.04.04"]
[EventType "tourn"]
[EventRounds "9"]
[EventCountry "COL"]
[SourceTitle "CBM 178 Extra"]
[Source "ChessBase"]
[SourceDate "2017.06.22"]
[SourceVersion "1"]
[SourceVersionDate "2017.06.22"]
[SourceQuality "1"]

1. d4 Nf6 2. c4 e6 3. Nf3 Bb4+ 4. Bd2 Qe7 5. a3 Bxd2+ 6. Qxd2 d6 7. Nc3 a6 8. e4 e5 9. d5 Nbd7 10. b4 a5 11. Nb5 Qd8 12. c5 0-0 13. cxd6 Nxe4 14. Qc2 Nxd6 15. Nxc7 Ra7 16. Rc1 axb4 17. axb4 e4 18. Nd4 Qf6 19. Ndb5 Nxb5 20. Bxb5 Ne5 21. Qxe4 Bf5 22. Qe3 Ra2 23. 0-0 Ng4 24. Qg3 h5 25. d6 h4 26. Qf3 Qxd6 27. g3 Qf6 28. Nd5 Qd6 29. Qxf5 Nh6 30. Qe4 f5 31. Qc4 Rd2 32. Rfd1 Rxd1+ 33. Rxd1 Kh8 34. Re1 hxg3 35. hxg3 Ng4 36. Re7 Qh6 37. Nf4 Qh2+ 38. Kf1 Qxf2# 0-1

[Event "COL-ch U18 Girls"]
[Site "Cali"]
[Date "2017.04.06"]
[Round "5"]
[White "Henao Ortiz, Carolina"]
[Black "Toro Castaneda, Elizabeth"]
[Result "1-0"]
[WhiteElo "1657"]
[BlackElo "1863"]
[PlyCount "80"]
[EventDate "2017.04.04"]
[EventType "tourn"]
[EventRounds "9"]
[EventCountry "COL"]
[SourceTitle "CBM 178 Extra"]
[Source "ChessBase"]
[SourceDate "2017.06.22"]
[SourceVersion "1"]
[SourceVersionDate "2017.06.22"]
[SourceQuality "1"]

1. Nf3 Nf6 2. c4 c5 3. g3 g6 4. Bg2 Bg7 5. d4 0-0 6. 0-0 d6 7. Nc3 Nbd7 8. e4 e5 9. dxe5 dxe5 10. Qc2 h6 11. h3 a6 12. Be3 Qc7 13. Nd5 Nxd5 14. exd5 Qd6 15. Bd2 b5 16. b3 e4 17. Bf4 Qb6 18. Nd2 Bxa1 19. Rxa1 g5 20. Be3 f5 21. f3 exf3 22. Nxf3 Qf6 23. Rf1 b4 24. h4 Bb7 25. hxg5 hxg5 26. Nxg5 Rae8 27. Bf4 Re7 28. Qd1 Ree8 29. Qh5 Qh8 30. Qg6+ Qg7 31. Qxg7+ Kxg7 32. Ne6+ Kg6 33. Nxf8+ Rxf8 34. Re1 Rf7 35. Re6+ Kg7 36. Bf3 Rf6 37. Kf2 Bc8 38. Re7+ Rf7 39. Re8 Rf8 40. Re2 a5 1-0

[Event "COL-ch U18 Girls"]
[Site "Cali"]
[Date "2017.04.05"]
[Round "3"]
[White "Henao Ortiz, Carolina"]
[Black "Calderon Zuluaga, Andrea"]
[Result "1-0"]
[WhiteElo "1657"]
[BlackElo "1694"]
[PlyCount "61"]
[EventDate "2017.04.04"]
[EventType "tourn"]
[EventRounds "9"]
[EventCountry "COL"]
[SourceTitle "CBM 178 Extra"]
[Source "ChessBase"]
[SourceDate "2017.06.22"]
[SourceVersion "1"]
[SourceVersionDate "2017.06.22"]
[SourceQuality "1"]

1. d4 d5 2. c4 c6 3. Nc3 Nf6 4. Nf3 e6 5. e3 Nbd7 6. a3 Bd6 7. Bd3 0-0 8. 0-0 Re8 9. Re1 b6 10. e4 dxe4 11. Nxe4 Nxe4 12. Bxe4 Qc7 13. b4 Nf6 14. c5 Bf8 15. Bd3 Nd5 16. Ne5 g6 17. Qg4 Bg7 18. Bb2 b5 19. Bc1 Bd7 20. h4 h5 21. Qg3 Qd8 22. Qf3 Bxe5 23. dxe5 Qxh4 24. Re4 Qe7 25. g4 hxg4 26. Rxg4 Kg7 27. Bg5 Qf8 28. Bf6+ Kg8 29. Rh4 Nxf6 30. exf6 g5 31. Qh5 1-0

[Event "COL-ch U18 Girls"]
[Site "Cali"]
[Date "2017.04.04"]
[Round "1"]
[White "Henao Ortiz, Carolina"]
[Black "Argote Heredia, Valentina"]
[Result "1-0"]
[WhiteElo "1657"]
[BlackElo "1960"]
[PlyCount "86"]
[EventDate "2017.04.04"]
[EventType "tourn"]
[EventRounds "9"]
[EventCountry "COL"]
[SourceTitle "CBM 178 Extra"]
[Source "ChessBase"]
[SourceDate "2017.06.22"]
[SourceVersion "1"]
[SourceVersionDate "2017.06.22"]
[SourceQuality "1"]

1. d4 Nf6 2. c4 e6 3. Nf3 b6 4. g3 Bb7 5. Bg2 d6 6. 0-0 Nbd7 7. Nc3 Be7 8. Re1 Ne4 9. Bd2 f5 10. Qc2 0-0 11. b4 Bf6 12. a3 Rc8 13. Rac1 c5 14. Qa2 cxd4 15. Nb5 d5 16. Nbxd4 Qe7 17. cxd5 Bxd5 18. Qb2 g6 19. Be3 Nd6 20. Nd2 Bxg2 21. Kxg2 Ne5 22. Qb3 Kf7 23. N4f3 Qb7 24. Red1 g5 25. Kg1 Rg8 26. Nxe5+ Bxe5 27. Nf3 Qe4 28. Rxc8 Nxc8 29. Nxg5+ Rxg5 30. Bxg5 Nd6 31. Qa4 Qb7 32. f4 b5 33. Qb3 Qb6+ 34. e3 Ne4 35. Bh4 Bc3 36. Rd3 Qc6 37. Qd1 Kg6 38. g4 Bf6 39. Bxf6 Nxf6 40. gxf5+ Kxf5 41. Rd6 Qc8 42. Qd3+ Kg4 43. Qe2+ Kh4 1-0

[Event "Medellin sf1 U18 Girls"]
[Site "Medellin"]
[Date "2017.02.25"]
[Round "5.2"]
[White "Cardoso Cardoso, Jaidy Marcela"]
[Black "Henao Ortiz, Carolina"]
[Result "0-1"]
[WhiteElo "1776"]
[BlackElo "1628"]
[PlyCount "41"]
[EventDate "2017.02.23"]
[EventType "swiss"]
[EventRounds "5"]
[EventCountry "COL"]
[SourceTitle "EXT 2024"]
[Source "ChessBase"]
[SourceDate "2023.10.10"]
[SourceVersion "1"]
[SourceVersionDate "2023.10.10"]
[SourceQuality "1"]

1. d4 d5 2. c4 e6 3. Nf3 c6 4. Nc3 dxc4 5. a4 Bb4 6. Bd2 a5 7. e3 b5 8. axb5 Bxc3 9. Bxc3 cxb5 10. b3 Bb7 11. bxc4 b4 12. Bb2 Nf6 13. Ne5 0-0 14. Rg1 Nbd7 15. f4 Nxe5 16. fxe5 Ne4 17. g3 Qg5 18. Qd3 Qh5 19. h4 Qf3 20. Qe2 Qxe2+ 21. Kxe2 0-1

[Event "Medellin sf1 U18 Girls"]
[Site "Medellin"]
[Date "2017.02.24"]
[Round "3.1"]
[White "Calderon Zuluaga, Andrea"]
[Black "Henao Ortiz, Carolina"]
[Result "1/2-1/2"]
[WhiteElo "1636"]
[BlackElo "1628"]
[PlyCount "68"]
[EventDate "2017.02.23"]
[EventType "swiss"]
[EventRounds "5"]
[EventCountry "COL"]
[SourceTitle "EXT 2024"]
[Source "ChessBase"]
[SourceDate "2023.10.10"]
[SourceVersion "1"]
[SourceVersionDate "2023.10.10"]
[SourceQuality "1"]

1. e4 c5 2. Nf3 Nc6 3. d4 cxd4 4. Nxd4 e6 5. Be3 Nf6 6. f3 Be7 7. Nc3 0-0 8. Qd2 d5 9. exd5 Nxd5 10. Nxc6 bxc6 11. Nxd5 cxd5 12. Bd4 a5 13. a4 Qc7 14. Bd3 e5 15. Bf2 f5 16. 0-0 Be6 17. Bg3 Bf6 18. Rae1 Qb6+ 19. Qe3 Qxe3+ 20. Rxe3 e4 21. Bf2 exd3 22. Rxe6 dxc2 23. Rc6 Rfc8 24. Rxc8+ Rxc8 25. Be3 Bxb2 26. Bc1 Rb8 27. Kf2 Bf6 28. Ke2 d4 29. Kd3 Rc8 30. Bd2 Kf7 31. Rc1 Ke6 32. Rxc2 Rxc2 33. Kxc2 Bd8 34. Kd3 Kd5 1/2-1/2

[Event "Medellin sf1 U18 Girls"]
[Site "Medellin"]
[Date "2017.02.23"]
[Round "1.4"]
[White "Ramos Arboleda, Dellys Carolina"]
[Black "Henao Ortiz, Carolina"]
[Result "0-1"]
[WhiteElo "1703"]
[BlackElo "1628"]
[PlyCount "64"]
[EventDate "2017.02.23"]
[EventType "swiss"]
[EventRounds "5"]
[EventCountry "COL"]
[SourceTitle "EXT 2024"]
[Source "ChessBase"]
[SourceDate "2023.10.10"]
[SourceVersion "1"]
[SourceVersionDate "2023.10.10"]
[SourceQuality "1"]

1. e4 c5 2. Nf3 Nc6 3. c4 g6 4. Nc3 Bg7 5. g3 Nf6 6. Bg2 0-0 7. 0-0 Ng4 8. d3 Nge5 9. Nxe5 Nxe5 10. f4 Nc6 11. f5 d6 12. Nd5 e6 13. Ne3 Nd4 14. fxg6 hxg6 15. Ng4 Kh7 16. h4 Bd7 17. Nh2 Bc6 18. Qg4 f5 19. Qh3 Qe8 20. Nf3 fxe4 21. dxe4 Kg8 22. Ng5 Ne2+ 23. Kh2 Rxf1 24. Bxf1 Nd4 25. Rb1 Qe7 26. Be3 Re8 27. Qg4 d5 28. Bxd4 Bxd4 29. cxd5 exd5 30. exd5 Bxd5 31. Bd3 Rf8 32. Bxg6 Rf2+ 0-1

[Event "Medellin Navideno op"]
[Site "Medellin"]
[Date "2016.12.19"]
[Round "4"]
[White "Bejar Caceres, Brayan Daniel"]
[Black "Henao Ortiz, Carolina"]
[Result "1-0"]
[WhiteElo "1942"]
[BlackElo "1576"]
[PlyCount "93"]
[EventDate "2016.12.16"]
[EventType "swiss"]
[EventRounds "7"]
[EventCountry "COL"]
[SourceTitle "CBM 176 Extra"]
[Source "ChessBase"]
[SourceDate "2017.03.02"]
[SourceVersion "1"]
[SourceVersionDate "2017.03.02"]
[SourceQuality "1"]

1. e4 c5 2. Nf3 Nc6 3. c3 d5 4. exd5 Qxd5 5. d4 Nf6 6. Be3 cxd4 7. cxd4 Bg4 8. Be2 e6 9. Nc3 Qd7 10. 0-0 Be7 11. h3 Bf5 12. Ne5 Nxe5 13. dxe5 Qxd1 14. Rfxd1 Ne4 15. Bb5+ Kf8 16. Rd7 Nxc3 17. bxc3 a6 18. Ba4 b5 19. Bb3 Ke8 20. Rad1 Rd8 21. Rxd8+ Bxd8 22. a4 Bc7 23. f4 g5 24. axb5 axb5 25. c4 g4 26. hxg4 Bxg4 27. Ra1 Kd7 28. cxb5 Rb8 29. Bc4 Kc8 30. Bd3 Bh5 31. Rc1 Kd7 32. Be4 Bb6 33. Bc6+ Ke7 34. Bxb6 Rxb6 35. Ra1 Be2 36. Ra5 h5 37. Kf2 Bc4 38. g3 Bd5 39. Bxd5 exd5 40. Ke3 Rg6 41. Ra7+ Ke8 42. Kf3 Rb6 43. Ra5 Ke7 44. f5 Rb7 45. Ke3 f6 46. e6 Kd6 47. Kd4 1-0

[Event "Medellin Navideno op"]
[Site "Medellin"]
[Date "2016.12.16"]
[Round "1"]
[White "Henao Ortiz, Carolina"]
[Black "Rios Parra, Juan Fernando"]
[Result "1-0"]
[WhiteElo "1576"]
[BlackElo "2071"]
[PlyCount "47"]
[EventDate "2016.12.16"]
[EventType "swiss"]
[EventRounds "7"]
[EventCountry "COL"]
[SourceTitle "CBM 176 Extra"]
[Source "ChessBase"]
[SourceDate "2017.03.02"]
[SourceVersion "1"]
[SourceVersionDate "2017.03.02"]
[SourceQuality "1"]

1. d4 Nf6 2. c4 e6 3. Nf3 b6 4. g3 Ba6 5. Qc2 Bb4+ 6. Nbd2 0-0 7. Bg2 d5 8. 0-0 c6 9. Rd1 Qe7 10. Ne5 Nfd7 11. Nxd7 Nxd7 12. b3 Rac8 13. a3 Bd6 14. e4 e5 15. exd5 cxd5 16. Bxd5 Nf6 17. Bg2 exd4 18. Bb2 Bc5 19. Ne4 Rfe8 20. Re1 Rcd8 21. b4 Bd6 22. Bxd4 Nxe4 23. Bxe4 g6 24. Rad1 1-0

[Event "COL-ch Superate fin-B Girls"]
[Site "Bogota"]
[Date "2016.11.17"]
[Round "4.1"]
[White "Rosado Perez, Maria Jose"]
[Black "Henao Ortiz, Carolina"]
[Result "1-0"]
[WhiteElo "1732"]
[BlackElo "1584"]
[PlyCount "107"]
[EventDate "2016.11.17"]
[EventType "swiss (rapid)"]
[EventRounds "5"]
[EventCountry "COL"]
[SourceTitle "EXT 2024"]
[Source "ChessBase"]
[SourceDate "2023.10.10"]
[SourceVersion "1"]
[SourceVersionDate "2023.10.10"]
[SourceQuality "1"]

1. e4 c5 2. Nf3 Nc6 3. d4 cxd4 4. Nxd4 g6 5. Be3 Bg7 6. Nc3 Nf6 7. Bc4 0-0 8. Bb3 Ng4 9. Nxc6 dxc6 10. Bd2 Qb6 11. 0-0 Rd8 12. Qe2 Nf6 13. h3 Qc7 14. Rad1 e5 15. Be3 b6 16. Rxd8+ Qxd8 17. Qc4 Qe8 18. Qe2 Bb7 19. Rd1 Rd8 20. a4 Rxd1+ 21. Qxd1 Qd7 22. Qe2 c5 23. f3 Bc6 24. a5 Bf8 25. Qa6 Qc7 26. axb6 axb6 27. Bg5 Bg7 28. Bxf6 Bxf6 29. Bd5 Bd7 30. Qb7 Qd8 31. Bc4 Bg5 32. Nd5 Bc8 33. Qxb6 Qxb6 34. Nxb6 Bb7 35. Nd7 Be3+ 36. Kf1 Bc1 37. Nxc5 Bc8 38. b4 Kf8 39. Nd3 Bd2 40. Ke2 Bc3 41. b5 Ke7 42. Nc5 Bd4 43. Nb3 Bb6 44. Kd3 f6 45. Bg8 Bd7 46. c4 h6 47. Bd5 Kd6 48. Kc3 Be6 49. c5+ Bxc5 50. Bxe6 Bd4+ 51. Nxd4 exd4+ 52. Kxd4 Kxe6 53. Kc5 Kd7 54. b6 1-0

[Event "COL-ch U18 Girls"]
[Site "Cali"]
[Date "2016.07.04"]
[Round "9"]
[White "Velasquez, Angie Gabriela"]
[Black "Henao Ortiz, Carolina"]
[Result "1-0"]
[WhiteElo "1736"]
[BlackElo "1648"]
[PlyCount "79"]
[EventDate "2016.06.29"]
[EventType "tourn"]
[EventRounds "9"]
[EventCountry "COL"]
[SourceTitle "CBM 173 Extra"]
[Source "ChessBase"]
[SourceDate "2016.08.29"]
[SourceVersion "1"]
[SourceVersionDate "2016.08.29"]
[SourceQuality "1"]

1. e4 c5 2. d3 Nc6 3. g3 g6 4. Bg2 Bg7 5. f4 e6 6. Nf3 Nge7 7. 0-0 0-0 8. c3 d5 9. Nbd2 b6 10. Re1 Ba6 11. Nf1 Rc8 12. e5 Qd7 13. g4 Rfd8 14. a3 d4 15. c4 b5 16. b3 bxc4 17. bxc4 Rb8 18. Bd2 Rb2 19. Rb1 Rdb8 20. Rxb2 Rxb2 21. Ng3 Qc7 22. Qa1 Qb7 23. Ne4 Qb6 24. a4 Bc8 25. a5 Qb8 26. Nxc5 Bf8 27. Bc1 Rb1 28. Qa2 Qb4 29. Ne4 Rb3 30. Bf1 Qb8 31. Nc5 Rb1 32. Nd2 Qb4 33. Ba3 Rxe1 34. Bxb4 Nxb4 35. Qb2 Nec6 36. Kf2 Re3 37. Ndb3 Nxa5 38. Qxd4 Nxb3 39. Nxb3 Nc2 40. Qc3 1-0

[Event "COL-ch U18 Girls"]
[Site "Cali"]
[Date "2016.07.03"]
[Round "8"]
[White "Henao Ortiz, Carolina"]
[Black "Cayon, Laura Valentina"]
[Result "1-0"]
[WhiteElo "1648"]
[BlackElo "1565"]
[PlyCount "57"]
[EventDate "2016.06.29"]
[EventType "tourn"]
[EventRounds "9"]
[EventCountry "COL"]
[SourceTitle "CBM 173 Extra"]
[Source "ChessBase"]
[SourceDate "2016.08.29"]
[SourceVersion "1"]
[SourceVersionDate "2016.08.29"]
[SourceQuality "1"]

1. d4 d5 2. c4 c6 3. Nc3 e6 4. Nf3 f5 5. Ne5 Nf6 6. e3 Bd6 7. f4 Nbd7 8. Bd2 0-0 9. Be2 Ne4 10. 0-0 Ndf6 11. Be1 Nxc3 12. Bxc3 Ne4 13. Be1 a5 14. a4 c5 15. cxd5 exd5 16. dxc5 Bxc5 17. Rf3 Be6 18. Nd3 Bb6 19. Qb3 Qd6 20. Qb5 Rac8 21. Bxa5 Bxa5 22. Qxa5 d4 23. Qe5 Qxe5 24. Nxe5 Nd2 25. Rh3 Nb3 26. Rd1 Rc2 27. Bb5 dxe3 28. Rxe3 Rxb2 29. Nd3 1-0

[Event "COL-ch U18 Girls"]
[Site "Cali"]
[Date "2016.07.01"]
[Round "5"]
[White "Henao Ortiz, Carolina"]
[Black "Salcedo, Jackeline"]
[Result "0-1"]
[WhiteElo "1648"]
[BlackElo "1995"]
[PlyCount "52"]
[EventDate "2016.06.29"]
[EventType "tourn"]
[EventRounds "9"]
[EventCountry "COL"]
[SourceTitle "CBM 173 Extra"]
[Source "ChessBase"]
[SourceDate "2016.08.29"]
[SourceVersion "1"]
[SourceVersionDate "2016.08.29"]
[SourceQuality "1"]

1. d4 d5 2. c4 e6 3. cxd5 exd5 4. Nc3 c6 5. Bf4 Nf6 6. Nf3 Be7 7. e3 Bf5 8. Bd3 Bxd3 9. Qxd3 Nbd7 10. 0-0 0-0 11. h3 Re8 12. a3 a5 13. Rfc1 a4 14. Bh2 Nf8 15. Ne5 Ng6 16. Qc2 Qa5 17. Qf5 Nxe5 18. Bxe5 g6 19. Qf3 Nd7 20. Bf4 f5 21. Qg3 Nf6 22. Bc7 Qa6 23. Rc2 Rac8 24. Be5 Kf7 25. Rac1 Rcd8 26. Qh4 Nh5 0-1

[Event "COL-ch U18 sf1 Girls"]
[Site "Medellin"]
[Date "2016.04.23"]
[Round "4.2"]
[White "Norena Yepez, Vanessa"]
[Black "Henao Ortiz, Carolina"]
[Result "0-1"]
[WhiteElo "1461"]
[BlackElo "1620"]
[PlyCount "51"]
[EventDate "2016.04.21"]
[EventType "swiss"]
[EventRounds "5"]
[EventCountry "COL"]
[SourceTitle "EXT 2024"]
[Source "ChessBase"]
[SourceDate "2023.10.10"]
[SourceVersion "1"]
[SourceVersionDate "2023.10.10"]
[SourceQuality "1"]

1. d4 d5 2. c4 e6 3. Nf3 Nf6 4. Nc3 Be7 5. g3 Nbd7 6. Bg2 0-0 7. 0-0 c6 8. Nd2 b6 9. e4 dxc4 10. Re1 b5 11. Qe2 Re8 12. a4 Qb6 13. axb5 cxb5 14. e5 Nd5 15. Nxd5 exd5 16. Bxd5 Rb8 17. e6 fxe6 18. Qxe6+ Qxe6 19. Bxe6+ Kf8 20. Rxa7 Bb4 21. Re3 Re7 22. Nf3 Bb7 23. Bxd7 Rxd7 24. h4 Rf7 25. Ne5 Re7 26. Kh2 0-1